| 000 | 01340nam a2200277Ia 4500 | ||
|---|---|---|---|
| 999 |
_c55159 _d55159 |
||
| 001 | 22234 | ||
| 003 | GE_BSU | ||
| 005 | 20230117163508.0 | ||
| 008 | 181216s2015||||ge |||||||||||||| ||geo|| | ||
| 020 | _aISSN 1987-9946 | ||
| 040 | _cGE_BSU | ||
| 041 | _ageo | ||
| 080 | _a811.353.1'373.6 ე-87 | ||
| 245 |
_aეტიმოლოგიური ძიებანი XII / _cსარედ. კოლ. : ა. არაბული, ნ. მაჭავარიანი, მ. სუხიშვილი ; რედ. მედეა ღლონტი. |
||
| 264 |
_aთბილისი : _bთსუ, _c2015. |
||
| 300 |
_a114 გვ. ; _c20 სმ. |
||
| 504 | _aბიბლიოგრფია მასალების ბოლოს | ||
| 541 | _h3ლ.30თ. | ||
| 653 | _aეტიმოლოგიური ძიებანი | ||
| 653 | _aსტატიების კრებული | ||
| 653 | _aქართული ენა | ||
| 653 | _aქართული ენის ეტიმოლოგია | ||
| 700 |
_aღლონტი, მედეა _eრედაქტორი _916723 |
||
| 710 |
_aთსუ _bარნოლდ ჩიქობავას სახელობის ენათმეცნიერების ინსტიტუტი _916724 |
||
| 942 |
_cBK _2udc |
||